000 00826nam a2200193 i 4500
001 158247
003 ES-MaACL
005 20230906211055.0
008 931025s1858 sp |||| | spa d
100 1 _aLuque, José Francisco de.
_9129155
245 1 0 _aGranada y sus contornos
_b: historia de esta célebre ciudad desde los tiempos más remotos hasta nuestros días : su arqueología y descripción... / por José Francisco de Luque.
246 3 5 _aHistoria de Granada y sus contornos
260 _aGranada :
_bImp. de su editor Manuel Garrido,
_c[1858]
300 _a591 p. ;
_c18 cm.
594 _aTít. en anteport. : Historia de Granada y sus contornos.
596 _aCatálogo de la Universidad de Granada, lo fecha en 1858.
651 4 _aGranada-
_xHistoria.
_9147377
852 _aES-MaACL
_jF-13425
_z. - Enc. hol.
999 _c158247
_d158247